| 000 | 01764cam a2200301 4500500 | ||
|---|---|---|---|
| 005 | 20260322012550.0 | ||
| 041 | _afre | ||
| 042 | _adc | ||
| 100 | 1 | 0 |
_aEvrard, Pierre _eauthor |
| 245 | 0 | 0 | _aQuand Freud montre la lune, certains regardent le doigt |
| 260 | _c2012. | ||
| 500 | _a44 | ||
| 520 | _aLes arguments virulents des détracteurs de Freud et de la Psychanalyse (cf M. Onfray : « L’affabulation freudienne ») méconnaissent totalement l’essentiel de l’héritage freudien : 1. une pensée autre des rapports du normal et du pathologique, 2․ la place du concept de transfert, 3. la « matérialité » du langage dans son emprise sur le corps. La référence à Freud est même au cœur du mouvement de résistance à la déshumanisation de la psychiatrie. | ||
| 520 | _aThe arguments virulent critics of Freud and psychoanalysis (cf. M Onfray) : “the Freudian fable”) ignore most of the Freudian héritage: 1. thinking about links between normal and pathological mind and behavior 2. instead the concept of transfer 3. “materiality” of language in its influence on the body The référencé to Freud is the hearth of the actual resistance movements against dehumanization of psychiatry. | ||
| 690 | _aFreud | ||
| 690 | _aM. Onfray | ||
| 690 | _anormal et pathologique | ||
| 690 | _aparole et langage | ||
| 690 | _apsychanalyse et psychiatrie | ||
| 690 | _atransfert | ||
| 690 | _aFreud | ||
| 690 | _aM. Onfray | ||
| 690 | _anormal and pathological transfer | ||
| 690 | _apsychiatry and psychoanalysis | ||
| 690 | _aspeech and language | ||
| 786 | 0 | _nPsy Cause | 61 | 2 | 2012-01-13 | p. 4-8 | 1245-2394 | |
| 856 | 4 | 1 | _uhttps://shs.cairn.info/revue-psy-cause-2012-2-page-4?lang=fr&redirect-ssocas=7080 |
| 999 |
_c1773834 _d1773834 |
||